Indonesia : the new era.
| Main Author: | |
|---|---|
| Format: | Book |
| Published: |
London:
Euromoney Books,
1996.
|
| Subjects: |
| LEADER | 00480cam a2200169 7i4500 | ||
|---|---|---|---|
| 001 | 0000005102 | ||
| 005 | 19991025090000.0 | ||
| 002 | ##000006693 | ||
| 020 | 0 | 0 | |a 1-85564-374-X |
| 090 | 0 | 0 | |a INDO 330.9 |b ACH |
| 100 | 0 | 0 | |a Achmad Razak |
| 245 | 1 | 0 | |a Indonesia : |b the new era. |
| 260 | 0 | 0 | |a London: |b Euromoney Books, |c 1996. |
| 300 | 0 | 0 | |a 209 p.. |
| 650 | 0 | 0 | |a Indonesia -- |x Economic situation and condition |
| 651 | 0 | 0 | |a Indonesia |
| 999 | |a 0000007956 |b Book |c Open shelf |e Business Information Centre | ||


